Capitals of 1-st level subdivisions in Italy from east to west - Statistics

General Stats
  • This quiz has been taken 15 times
  • The average score is 15 of 20
Answer Stats
Longitude (DD) Answer % Correct
1 16.87 Bari
100%
20 7.32 Aosta
88%
17 9.11 Cagliari
88%
18 8.93 Genova
88%
16 9.19 Milano
88%
5 14.26 Napoli
88%
19 7.68 Torino
88%
4 14.66 Campobasso
75%
14 11.26 Firenze
75%
9 13.36 Palermo
75%
11 12.39 Perugia
75%
3 15.80 Potenza
75%
10 12.47 Roma
75%
15 11.21 Trento
75%
6 13.77 Trieste
75%
7 13.52 Ancona
63%
13 11.34 Bologna
63%
2 16.59 Catanzaro
63%
8 13.40 L'Aquila
63%
12 12.34 Venezia
63%
No matching quizzes found
Score Distribution
Percent of People with Each Score
Percentile by Number Answered
Your Score History
You have not taken this quiz